| 000 | 00574nam a2200181Ia 4500 | ||
|---|---|---|---|
| 008 | 100920s9999 xx 000 0 und d | ||
| 082 |
_b102537 _a49 न 07 |
||
| 100 | _aअंतरकर आनंद. | ||
| 245 | _aछायानट. | ||
| 260 |
_bअंतरकर आनंद अनंत, पुणे. _c2007 |
||
| 300 |
_a190 _bसाधी |
||
| 365 | _b600 | ||
| 520 | _aडिपॉझिट सेक्शन. | ||
| 630 | _aछायानट. | ||
| 650 | _aडिपॉझिट सेक्शन. | ||
| 730 | _aछायानट. | ||
| 942 | _cBOOK | ||
| 999 |
_c742969 _d742966 |
||